| 000 | 01578nac a22003371i 4500 | ||
|---|---|---|---|
| 003 | EG-ScBUE | ||
| 005 | 20260503102735.0 | ||
| 008 | 101222s1979 gw a fr 001 0 ara d | ||
| 017 | _a79 / 1726 | ||
| 020 | _a3540092838 | ||
| 020 | _a9777051624 | ||
| 040 |
_aEG-ScBUE _bara _erda _cEG-ScBUE _dEG-ScBUE |
||
| 041 | 1 |
_aara _hger |
|
| 082 | 0 | 4 |
_a546.3 _bك ا و _222 |
| 100 | 1 |
_aكاوتسور، إ.، _921638 _eمؤلف. |
|
| 240 | 0 |
_aMetall unter dem Mikroskop. _lArabic |
|
| 245 | 1 | 2 |
_aالفلزات تحت المجهر : _bمقدمة في علم التركيب الميتالوجرافي / _cتأليف إ. كاوتسور ؛ ترجمة الدكتور عبد المجيد عامر، كلية الهندسة، جامعة الأزهر ؛ مراجعة الدكتور محمد الفيصل الرفاعي، كلية الهندسة، جامعة الأزهر. |
| 246 | 3 | 4 | _aالفلزات تحت المجهر |
| 264 | 1 |
_aبرلين : _bدار شبرنجر فيرلاج للنشر، _c1979. |
|
| 300 |
_a92 صفحة : _bإيضاحيات ؛ _c24 سم |
||
| 336 |
_2rdacontent _aنص _btxt |
||
| 337 |
_aبدون وسيط _2rdamedia _bn |
||
| 338 |
_aمجلد _bnc _2rdacarrier |
||
| 500 | _aيشتمل على كشاف. | ||
| 546 | _aالنص باللغة الألمانية ؛ وقد تم ترجمته إلى العربية. | ||
| 650 | 7 |
_aالفلزات. _921973 _2BUEsh |
|
| 655 | _vReading book | ||
| 700 | 1 |
_aعامر، عبد المجيد، _921640 _eمترجم. |
|
| 700 | 1 |
_aالرفاعي، محمد الفيصل، _921641 _eمراجع. |
|
| 942 |
_cBB _k546.3 ك ا و _2ddc |
||
| 999 |
_c6495 _d6495 |
||